000 00362nam a2200133Ia 4500
008 151001s9999||||xx |||||||||||||| ||und||
100 _aज्ञाननाथजी
245 _aयोगी हरीनाथजी
250 _a2
260 _bसंतकृपा प्रकाशन
260 _c1985
300 _a80
365 _b18
999 _c965092
_d965089